| 000 | 00000nam##2200000za#4500 |
| 001 | 9.581174 |
| 003 | CaOODSP |
| 005 | 20210624191407 |
| 007 | cr ||||||||||| |
| 008 | 150406|2004||||xxc|||||o f|0| 0 eng|d |
| 040 | |aCaOODSP|beng |
| 043 | |an-cn--- |
| 086 | 1 |aNH18-22/104-122E-PDF |
| 110 | 2 |aCanada Mortgage and Housing Corporation. |
| 245 | 10|aComparison and analysis of provincial builder and renovator industry programs |h[electronic resource] |
| 250 | |aRevised 2010 |
| 260 | |aOttawa - Ontario : |bCanada Mortgage and Housing Corporation |cc2004, 2010. |
| 300 | |a6p.|btable |
| 490 | 1 |aResearch highlight. Technical series |v04-122 |
| 500 | |aFile reproduced from original print. |
| 590 | |a14-20-Supp|b2014-11-25 |
| 775 | 08|tComparaison et analyse des programmes provinciaux de formation de l'industrie de la construction et de la rénovation |w(CaOODSP)9.608021 |
| 776 | 0#|tComparison and analysis of provincial builder and renovator industry programs |w(CaOODSP)9.617092 |
| 830 | #0|aResearch highlight. Technical series ;|v04-122|w(CaOODSP)9.504482 |
| 856 | 40|ahttp://publications.gc.ca|qPDF|s150 KB|uhttps://publications.gc.ca/collections/collection_2014/schl-cmhc/NH18-22-104-122-eng.pdf|y04-122 |